Recent educational philosophies in India : (Record no. 125546)

MARC details
000 -LEADER
fixed length control field 00869nam a22002417a 4500
005 - DATE AND TIME OF LATEST TRANSACTION
control field 20170124105956.0
010 ## - LIBRARY OF CONGRESS CONTROL NUMBER
LC control number A-780700
020 ## - INTERNATIONAL STANDARD BOOK NUMBER
Terms of availability 45.00
035 ## - SYSTEM CONTROL NUMBER
System control number A-780700
037 ## - SOURCE OF ACQUISITION
Source of stock number/acquisition Cen Lib/Ret
040 ## - CATALOGING SOURCE
Original cataloging agency DPL
Language of cataloging EN
082 ## - DEWEY DECIMAL CLASSIFICATION NUMBER
Classification number 370.10954
Item number CHA
100 ## - MAIN ENTRY--PERSONAL NAME
Personal name Chaube, S. P.
9 (RLIN) 85584
245 ## - TITLE STATEMENT
Title Recent educational philosophies in India :
Statement of responsibility, etc by S. P. Chaube
Remainder of title educational ideas of some the great architects of modern India who interpreted Indias inherent spritual and cultu al heritage to the Indian people and abroad /
250 ## - EDITION STATEMENT
Edition statement 2nd rev ed.
260 ## - PUBLICATION, DISTRIBUTION, ETC. (IMPRINT)
Place of publication, distribution, etc Agra
Name of publisher, distributor, etc Ram Prasad & Sons
Date of publication, distribution, etc 1995
270 ## - ADDRESS
Address Hospital Road
City Agra
300 ## - PHYSICAL DESCRIPTION
Extent xiii, 264p.
Dimensions 20cm(Hb)
500 ## - GENERAL NOTE
General note Includes bibliographical reference and index
650 ## - SUBJECT ADDED ENTRY--TOPICAL TERM
Topical term or geographic name as entry element Education
Geographic subdivision India
9 (RLIN) 8226
650 ## - SUBJECT ADDED ENTRY--TOPICAL TERM
Topical term or geographic name as entry element Education--Philosophy
9 (RLIN) 8710
942 ## - ADDED ENTRY ELEMENTS (KOHA)
Source of classification or shelving scheme Dewey Decimal Classification
Koha item type English Books
Classification part 331.10954
Call number suffix CHA
Holdings
Withdrawn status Lost status Damaged status Not for loan Home library Current library Date acquired Source of acquisition Cost, normal purchase price Total Checkouts Full call number Barcode Date last seen Copy number Cost, replacement price Price effective from Koha item type Public note
Written off       Central Library Central Library 22/06/2015 Cen Lib/Ret 45.00   370.10954 CHA A-780700 22/06/2015 1 45.00 22/06/2015 English Books Written off on approval by DLB (By Circulation); dtd 15-06-2023

© Delhi Public Library
Hit Counter
free hit counter